| 000 | 01211cam a2200277 i 4500 | ||
|---|---|---|---|
| 003 | SA-RiAUC | ||
| 005 | 20250127055354.0 | ||
| 008 | 250123q19001999sy g 000 0 ara c | ||
| 040 |
_aQA-DoQUL _bara _cSA-RiAUC _erda |
||
| 082 | 0 | 4 | _a260 |
| 090 |
_a260 _bع ب د |
||
| 100 | 1 |
_aعبد القادر الجيلاني، عبد القادر بن موسى بن عبد الله، _d471-561 هجري _eمؤلف. |
|
| 245 | 1 | 2 |
_aالغنية لطالبي طريق الحق في الأخلاق والتصوف والآداب الإسلامية / _cعبد القادر بن موسى بن عبد الله الجيلاني. |
| 264 | 1 |
_aدمشق : _bدار الألباب، _c[بين 1900 و1999] |
|
| 300 |
_a1 مجلد ؛ _c23 سم. |
||
| 336 |
_aنص _btxt _2rdacontent _3كتاب |
||
| 337 |
_aبدون وسيط _bn _2rdamedia |
||
| 338 |
_aمجلد _bnc _2rdacarrier |
||
| 490 | 0 |
_aتراث الإسلام ؛ _v3 |
|
| 650 | 7 |
_aالتصوف الإسلامي _xمقامات _2aucsh |
|
| 650 | 7 |
_aالقادرية (طرق صوفية) _2aucsh |
|
| 650 | 7 |
_aالأخلاق الإسلامية _2aucsh |
|
| 650 | 7 |
_aالآداب الإسلامية _2aucsh |
|
| 942 |
_2ddc _cBOOK _n0 |
||
| 949 |
_aSA-JeALM _d250123 _uosman123 _n1 |
||
| 999 |
_c5282 _d5282 |
||